000 00389nam a22001937a 4500
003 UA-OsUOA
001 2656
007 ta
008 20050721b un ||||| |||| 00| 0 ukr d
100 _aBova
700 _aB.
700 _aBell
700 _aT.
942 _cBK
040 _aUA-OsUOA
_cUA-OsUOA
_dUA-OsUOA
245 _aCloseup : new worlds.
_bScience
955 _a2
650 7 _2UDC
999 _c288818
_d288818